Reasonable precautions (Record no. 66250)
[ view plain ]
| 000 -LEADER | |
|---|---|
| fixed length control field | 01252cam a2200217 4500 |
| 001 - CONTROL NUMBER | |
| control field | ABS63570 |
| 008 - FIXED-LENGTH DATA ELEMENTS--GENERAL INFORMATION | |
| fixed length control field | 000000n2001 000 0 eng u |
| 035 ## - SYSTEM CONTROL NUMBER | |
| System control number | (Sirsi) u111202 |
| 100 ## - MAIN ENTRY--PERSONAL NAME | |
| Personal name | Yule, I. |
| 245 ## - TITLE STATEMENT | |
| Title | Reasonable precautions |
| 260 ## - PUBLICATION, DISTRIBUTION, ETC. | |
| Date of publication, distribution, etc. | 2001 |
| 490 ## - SERIES STATEMENT | |
| Series statement | Building |
| Volume/sequential designation | 266(8168) 9 February 2001, 59(1) |
| 520 ## - SUMMARY, ETC. | |
| Summary, etc. | Discusses government's new facilities management contract, called GC/Works/10 (2000) which is flexible, the price can be fixed for the contract term or adjusted seasonally and quite fair. Advises there are a few amendments contractors should be aware of before they use it. The options for dealing with poor performance by the contractor. Points out the clause for valuing variations is too short and does not set out the circumstances in which the JCT/ICE-style rules for valuation apply. The employer has termination rights if the contractor is late in organising the preparatory work prior to performance of the services. Advises that contractors should be proactive in their representations. |
| 590 ## - LOCAL NOTE (RLIN) | |
| Local note | ABS |
| 650 ## - SUBJECT ADDED ENTRY--TOPICAL TERM | |
| Topical term or geographic name entry element | GC/WORKS/10 |
| 650 ## - SUBJECT ADDED ENTRY--TOPICAL TERM | |
| Topical term or geographic name entry element | FACILITIES MANAGEMENT CONTRACTS |
| 650 ## - SUBJECT ADDED ENTRY--TOPICAL TERM | |
| Topical term or geographic name entry element | PUBLIC PRIVATE PARTNERSHIPS |
| 650 ## - SUBJECT ADDED ENTRY--TOPICAL TERM | |
| Topical term or geographic name entry element | FM SERVICES |
| 690 ## - LOCAL SUBJECT ADDED ENTRY--TOPICAL TERM (OCLC, RLIN) | |
| Topical term or geographic name as entry element | MANAGEMENT-FACILITIES MANAGEMENT |
| 942 ## - ADDED ENTRY ELEMENTS (KOHA) | |
| Suppress in OPAC | 0 |
| Withdrawn status | Lost status | Source of classification or shelving scheme | Damaged status | Not for loan | Home library | Current library | Shelving location | Date acquired | Total Checkouts | Full call number | Barcode | Date last seen | Copy number | Price effective from | Koha item type |
|---|---|---|---|---|---|---|---|---|---|---|---|---|---|---|---|
| Dewey Decimal Classification | London | London | Journal article | 01/03/2001 | ABS63570 | 111202-1001 | 06/08/2019 | 1 | 06/08/2019 | Journal article |